Normal view MARC view
  • Calculus -- Outlines, syllabi, etc | Calculus -- Problems, exercises, etc

Entry Topical Term

Number of records used in: 1

001 - CONTROL NUMBER

  • control field: 69301

003 - CONTROL NUMBER IDENTIFIER

  • control field: NUST

005 - DATE AND TIME OF LATEST TRANSACTION

  • control field: 20210628204218.0

008 - FIXED-LENGTH DATA ELEMENTS

  • fixed length control field: 210628|| aca||aabn | a|a d

040 ## - CATALOGING SOURCE

  • Original cataloging agency: NUST
  • Transcribing agency: NUST

150 ## - HEADING--TOPICAL TERM

  • Topical term or geographic name entry element: Calculus -- Outlines, syllabi, etc | Calculus -- Problems, exercises, etc

670 ## - SOURCE DATA FOUND

  • Source citation: Work cat.: (NUST): Wrede, Robert C 69300, Schaum's outline of theory and problems of advanced calculus [electronic resource], 2002
© 2023 Central Library, National University of Sciences and Technology. All Rights Reserved.